000 00589nam a22002177a 4500
003 UA-OsUOA
001 95032
007 ta
008 20130220b un ||||| |||| 00| 0 ukr d
100 _aЛевчук Н.
090 _a330(477)
_bЛ38
942 _cSA
040 _aUA-OsUOA
_bukr
_cUA-OsUOA
_dUA-OsUOA
245 _aНаслідки здешевлення вартості продукції
300 _aС.45-48
955 _a0
041 _aukr
080 _a330(477)
773 0 _w95025
_tЕкономіст
_dК.
_d2013
_g1
650 7 _a330 Економіка взагалі
_2UDC
999 _c381279
_d381279